000 00926nmm a2200277 a 4500
001 ocm000955363
003 TR-IsHL
005 20201028150457.0
008 150110s2014 tu eng
007 cr cn
020 _a9781503142503
035 _a955363
_b(N$T)
050 0 4 _aPS1214
_b.S43 2014
090 0 4 _aPS1214
_b.S43 2014
100 1 _aBurnett, Frances Hodgson
245 1 0 _aThe secret garden
_h[electronic resource] /
_cFrances Hodgson Burnett ; illustrated by Murat Ukray
260 _aİstanbul :
_bE-Kitap Projesi,
_c2014
300 _a366 p.
650 4 _aDil ve Edebiyat
650 4 _aLanguage and Literature
650 0 _aAmerikan romanı
650 0 _aAmerican fiction
650 7 _aLITERARY COLLECTIONS / European / English, Irish, Scottish, Welsh
_2bisacsh
700 1 _aUkray, Murat
856 4 0 _uhttp://search.ebscohost.com/login.aspx?direct=true&scope=site&db=e011xww&AN=955363
999 _c10494
_d10494